¿Qué microestado europeo? - Estadísticas

Estadísticas generales
  • Esta prueba ha sido intentada 32 veces
    30 desde el último reinicio
  • La puntuación promedio es 10 de 15
Estadísticas de respuestas
Pregunta Respuesta % Correcto
¿Cuál es el más pequeño? Ciudad del Vaticano
100%
¿Cuál está compuesto por islas? Malta
100%
¿Cuál es conocido por su carrera de Fórmula 1? Mónaco
92%
¿Cuál usa el franco suizo como moneda oficial? Liechtenstein
88%
¿Cuál fue colonia inglesa? Malta
85%
¿Cuál habla principalmente una lengua derivada del árabe? Malta
81%
¿Cuál tiene cajeros automáticos en latín? Ciudad del Vaticano
77%
¿Cuál tiene el punto más alto? Andorra
62%
¿Cuál es la república más antigua que sigue funcionando de forma continua? San Marino
62%
¿Cuál tiene dos líderes estatales de otros países? Andorra
58%
¿Cuál es una monarquía parlamentaria gobernada por la Casa de Grimaldi? Mónaco
58%
¿Cúal es el más grande? Andorra
54%
¿Cuál fue fundado por un santo? San Marino
54%
¿Cuál tiene mayor densidad de población? Mónaco
50%
¿Cuál no forma parte de la UNESCO? Liechtenstein
19%
No se encontraron pruebas coincidentes
Distribución de puntuación
Porcentaje de gente con cada puntuación
Porcentaje por número respondido
Historial de tus puntuaciones
No has intentado esta prueba desde el último reinicio